|
|
|
|
| LEADER |
01000cam a22002652cb4500 |
| 001 |
097908541 |
| 003 |
DE-627 |
| 005 |
20241104193609.0 |
| 007 |
tu |
| 008 |
061003s1982 xx ||||| 00| ||ger c |
| 035 |
|
|
|a (DE-627)097908541
|
| 035 |
|
|
|a (DE-599)GBV097908541
|
| 035 |
|
|
|a (OCoLC)1240429384
|
| 040 |
|
|
|a DE-627
|b ger
|c DE-627
|e rakwb
|
| 041 |
|
|
|a ger
|
| 245 |
0 |
0 |
|a Aufsätze zur deutschen Literatur von Klopstock bis Weerth
|
| 250 |
|
|
|a 4. Aufl
|
| 264 |
|
1 |
|c 1982
|
| 300 |
|
|
|a 26*, 699 S
|
| 336 |
|
|
|a Text
|b txt
|2 rdacontent
|
| 337 |
|
|
|a ohne Hilfsmittel zu benutzen
|b n
|2 rdamedia
|
| 338 |
|
|
|a Band
|b nc
|2 rdacarrier
|
| 490 |
1 |
|
|a Gesammelte Schriften
|v 10
|
| 700 |
1 |
|
|8 1\p
|a Mehring, Franz
|d 1846-1919
|e beteiligter
|0 (DE-588)118579975
|0 (DE-627)134686551
|0 (DE-576)162185286
|4 asn
|
| 800 |
1 |
|
|a Mehring, Franz
|d 1846-1919
|t Gesammelte Schriften.
|v 10
|9 10.1982
|w (DE-627)033643547
|w (DE-576)9033643545
|7 am
|
| 883 |
|
|
|8 1\p
|a cgwrk
|d 20241001
|q DE-101
|u https://d-nb.info/provenance/plan#cgwrk
|
| 912 |
|
|
|a GBV_ILN_350
|
| 912 |
|
|
|a ISIL_DE-2795
|
| 912 |
|
|
|a SYSFLAG_1
|
| 912 |
|
|
|a GBV_KXP
|
| 912 |
|
|
|a GBV_ILN_350_
|
| 951 |
|
|
|a MV
|
| 980 |
|
|
|2 350
|1 01
|x 8293
|b 097126772
|c 00
|f LESESAAL
|d Ced 410 -10
|e i
|j --%%--
|y n
|z 04-12-98
|
| 984 |
|
|
|2 350
|1 01
|x 8293
|a 8293000592909
|
| 985 |
|
|
|2 350
|1 01
|x 8293
|a 98/11261
|